Регионална библиотека "Любен Каравелов" - Русе

Health services in the People's Republic of Bulgaria (Запис номер 471192)

MARC детайли
000 -Лидер
Контролно поле с фиксирана дължина nam a22 a 4500
003 - Код на организацията, давaща контролен номер
Контролно поле BLK
005 - Дата и час на последна редакция
Контролно поле 20230410162403.0
008 - Елементи от данни с фиксирана дължина
fixed length control field 180411b bul|||||r ||||||| ||bul||
040 ## - Източник на каталожния запис
Идентификатор на билиотеката - собственик на записа BLK
041 ## - Код за език
Код за езика на текст/звукозапис или на отделно заглавие Английски
Код за езика КДБФ Английски
080 ## - УДК
Текстов определител УДК Здравеопазване. Обществена (социална) хигиена. Защита от нещастни случаи - Организация на здравеопазването. Санитарно дело
УДК код - определител по УДК 614
УДК определител (497.2)
УДК - код + определител 614(497.2)
100 ## - Редна дума - Автор
Автор Golemanov, Hristo
Авторска отговорност първи автор
R(LIN) 479749
139 ## - Редно поле
Редна дума Golemanov, Hristo
245 ## - Сведения за заглавието
Заглавие Health services in the People's Republic of Bulgaria
Подзаглавни данни [Очерк]
Редно поле (дума) Hristo Golemanov ; прев. от бълг.
257 ## - Страна на издаване
Страна на създаване/издаване България
260 ## - Област на издателските данни
Място на издаване, разпространение и проч. Sofia
Име на издателя, разпространителя и проч. Sofia Press
Година на издаване 1974
9 (RLIN) 212363
300 ## - Физическа характеристика
Страници 47 с.
Илюстрации и др. с ил.
Размери/Мащаб 20 см
380 ## - Жанр
Жанр Медицина
490 ## - СЕРИИ (Колекции)
9 (RLIN) 479626
Име на серия 30 years since the socialist revolution in Bulgaria
500 ## - Общи забележки
Забележка Прев. е направен от ръкоп.
650 #0 - Допълнително описание по предмет – тема
Основно описание – тема или топоним Здравеопазване - България
9 (RLIN) 155907
700 1# - Други автори (авторска отговорност)
Лично име Големанов, Христо
9 (RLIN) 54723
852 ## - Местоположение
Форматна сигнатура Цб 72264
Фондова буква Хранилище
999 ## - СИСТЕМНИ КОНТРОЛНИ НОМЕРА
Koha biblionumber 471192
Koha biblioitemnumber 471192
942 ## - АРТИКУЛИ
Вид на библиотечния материал Книги
Скрит в OPAC Не
Периодичен библиозапис Да
944 ## - СЪЗДАВАНЕ И РЕДАКЦИЯ на ЗАПИСА
Създаване/Редакция Създаване
Дата на регистрацията/редакция 2022-08-19
Служител, извършил регистрацията/редакцията Кети
Наличности
Код за отписване Код за изгубен артикул Източник на класификационната схема Код за повреда Коз за рестрикции Код за отдаване Артикулен № Име на библиотеката - собственик Име на библиотеката, в която се намира в момента Статус (Текущо местоположение) Дата на вписване в системата Местоположение - отдел Цена в лева Инвентарен номер Систематично азбучна сигнатура Баркод Цена в евро Служебен тип на артикула
  Не е изгубен Universal Decimal Classification Не е повреден само за читалня ползва се в читалня 901295 Регионална библиотека "Любен Каравелов" Русе Регионална библиотека "Любен Каравелов" Русе Хранилище 2022-08-23 Хранилище 0.24 167377 Цб 72264 120000167377 0.12 Книги
Vip Innovations Ltd, Rousse, Bulgaria 2025